000 00259nmm a2200097Ia 4500
008 220120s9999||||xx |||||||||||||||||und||
082 _a621.3822 WEE
100 _aWeeks, Michael
245 0 _aDigital signal processing using MATLAB and wavelets
260 _c2007
999 _c138836
_d138836